Sports Quiz

Random Sports Quiz

100+ Yard Rushers (2009) Quiz Stats

Quiz not verified by Sporcle

Challenge
Share
Tweet
Embed
Score 0/116 Timer 10:00
0 Plays Today
Team Player % Correct
VikingsAdrian Peterson
98.7%
VikingsAdrian Peterson
98.7%
VikingsAdrian Peterson
98.7%
TitansChris Johnson
98.3%
TitansChris Johnson
98.3%
TitansChris Johnson
98.3%
TitansChris Johnson
98.3%
TitansChris Johnson
98.3%
TitansChris Johnson
98.3%
TitansChris Johnson
98.3%
BengalsLarry Johnson
98.3%
TitansChris Johnson
98.3%
TitansChris Johnson
98.3%
TitansChris Johnson
98.3%
TitansChris Johnson
98.3%
TitansChris Johnson
98.3%
SeahwaksJulius Jones
97.9%
JetsThomas Jones
97.9%
JetsThomas Jones
97.9%
JetsThomas Jones
97.9%
JetsThomas Jones
97.9%
JetsThomas Jones
97.9%
JetsThomas Jones
97.9%
JetsThomas Jones
97.9%
49ersFrank Gore
97%
JaguarsMaurice Jones-Drew
97%
JaguarsMaurice Jones-Drew
97%
JaguarsMaurice Jones-Drew
97%
JaguarsMaurice Jones-Drew
97%
49ersFrank Gore
97%
49ersFrank Gore
97%
JaguarsMaurice Jones-Drew
97%
49ersFrank Gore
97%
49ersFrank Gore
97%
BillsFred Jackson
96.6%
FalconsMichael Turner
96.6%
RamsSteven Jackson
96.6%
RamsSteven Jackson
96.6%
PanthersDeAngelo Williams
96.6%
Team Player % Correct
RamsSteven Jackson
96.6%
PanthersDeAngelo Williams
96.6%
FalconsMichael Turner
96.6%
RamsSteven Jackson
96.6%
FalconsMichael Turner
96.6%
PanthersDeAngelo Williams
96.6%
RamsSteven Jackson
96.6%
FalconsMichael Turner
96.6%
DolphinsRicky Williams
96.6%
PanthersDeAngelo Williams
96.6%
DolphinsRicky Williams
96.6%
RamsSteven Jackson
96.6%
DolphinsRicky Williams
96.6%
DolphinsRicky Williams
96.6%
RamsSteven Jackson
96.6%
DolphinsRicky Williams
96.6%
BuccaneersCarnell Williams
96.6%
BillsFred Jackson
96.6%
RavensRay Rice
95.3%
RavensRay Rice
95.3%
RavensRay Rice
95.3%
RavensRay Rice
95.3%
BengalsCedric Benson
94.8%
BengalsCedric Benson
94.8%
BengalsCedric Benson
94.8%
BengalsCedric Benson
94.8%
BengalsCedric Benson
94.8%
BengalsCedric Benson
94.8%
DolphinsRonnie Brown
92.7%
DolphinsRonnie Brown
92.7%
RedskinsClinton Portis
92.7%
PackersRyan Grant
91.4%
PackersRyan Grant
91.4%
PackersRyan Grant
91.4%
SteelersRashard Mendenhall
90.6%
SteelersRashard Mendenhall
90.6%
SteelersRashard Mendenhall
90.6%
RaidersMichael Bush
90.1%
RaidersMichael Bush
90.1%
Team Player % Correct
BearsMatt Forte
89.7%
PanthersJohnathan Stewart
89.7%
PanthersJohnathan Stewart
89.7%
PanthersJohnathan Stewart
89.7%
PanthersJohnathan Stewart
89.7%
PanthersJohnathan Stewart
89.7%
BearsMatt Forte
89.7%
SaintsPierre Thomas
88%
CheifsJamaal Charles
87.1%
CheifsJamaal Charles
87.1%
CheifsJamaal Charles
87.1%
CheifsJamaal Charles
87.1%
ChiefsJamaal Charles
87.1%
RavensWillis Mcgahee
86.7%
CowboysMarion Barber
82.8%
LionsKevin Smith
79.8%
GiantsAhmad Bradshaw
79.4%
GiantsAhmad Bradshaw
79.4%
JetsShonn Greene
79.4%
CardinalsTim Hightower
79.4%
PatriotsLaurence Maroney
79%
BrownsJerome Harrison
78.5%
BrownsJerome Harrison
78.5%
BrownsJerome Harrison
78.5%
BrownsJerome Harrison
78.5%
BrownsJamal Lewis
78.1%
CardinalsChris Wells
75.1%
RedskinsLadell Betts
67.8%
PatriotsFred Taylor
64.8%
SaintsMike Bell
64.4%
SeahawksJustin Forsett
53.6%
SeahawksJustin Forsett
53.6%
SeahawksMaurice Morris
42.1%
FalconsJason Snelling
40.8%
BroncosCorrell Buckhalter
39.9%
TexansRyan Moats
35.6%
TexansArian Foster
32.6%
BengalsBernard Scott
21.9%

You're not logged in!

Compare scores with friends on all Sporcle quizzes.
Sign Up with Email
OR
Log In

You Might Also Like...

Show Comments

Extras

Top Quizzes Today


Score Distribution

Your Account Isn't Verified!

In order to create a playlist on Sporcle, you need to verify the email address you used during registration. Go to your Sporcle Settings to finish the process.